Celeste - T17+ Modded Goldens (May 11th, 2025) - Statistics

General Stats
  • This quiz has been taken 35 times
  • The average score is 11 of 14
Answer Stats
Answer % Correct
The Road to Purgation
93%
Passionfruit Pantheon
90%
The Solar Purgatory
90%
Waterbear Mountain [FC]
90%
7D With Single Dash... (Old)
87%
Darkmoon Ruins [C/FC]
83%
MOCE // LXVI
83%
Celestial Resort L-Side
77%
Vivid Abyss [FC]
77%
Mountain's Call [Delusion (Intersonder ~ Final Steps)]
73%
Pinball Purgatory [FC]
73%
The Big Reveal
60%
Farewell^9 [C/FC]
57%
Madeline's Heartside [FC]
53%
No matching quizzes found
Score Distribution
Percent of People with Each Score
Percentile by Number Answered
Your Score History
You have not taken this quiz